000 00392nam a2200145 i 4500
001 bg
100 1 _aDUMNICKI, Juliusz
245 0 _aKryteria zabudowy przemysłowej z punktu widzenia przestrzennego zagospodarowania miast /
_cJ. Dumnicki.
260 _aWarszawa,
_c1981.
040 _cBPK
041 _apol
080 _a711.1/.2
942 _cKS
008 s pl f |000 0 pol
999 _c2089
_d2089
856 _uhttp://koha.tu.koszalin.pl/cgi-bin/koha/opac-detail.pl?biblionumber=2089
_yKatalog online BPK